Đánh giá hiệu quả của phân xỉ thép và phân vôi đến năng suất cây lúa và sự thay đổi một số đặc tính hóa học trên 2 loại đất phèn (điều kiện nhà lưới) : Luận văn tốt nghiệp cao học. Chuyên ngành Quản lý đất đai

Nội dung của luận văn đánh giá hiệu quả của phân xỉ thép và phân vôi đến năng suất cây lúa và sự thay đổi một số đặc tính hóa học trên 2 loại đất phèn (điều kiện nhà lưới)

Kaydedildi:
Detaylı Bibliyografya
Yazar: Nguyễn, Thị Huệ Thảo
Materyal Türü: Kitap
Dil:Undetermined
Baskı/Yayın Bilgisi: Cần Thơ Trường Đại học Cần Thơ 2016
Konular:
Etiketler: Etiketle
Etiket eklenmemiş, İlk siz ekleyin!
Thư viện lưu trữ: Trung tâm Học liệu Trường Đại học Cần Thơ
LEADER 01230nam a2200205Ia 4500
001 CTU_213953
008 210402s9999 xx 000 0 und d
082 |a 631.41 
082 |b Th108 
100 |a Nguyễn, Thị Huệ Thảo 
245 0 |a Đánh giá hiệu quả của phân xỉ thép và phân vôi đến năng suất cây lúa và sự thay đổi một số đặc tính hóa học trên 2 loại đất phèn (điều kiện nhà lưới) : 
245 0 |b Luận văn tốt nghiệp cao học. Chuyên ngành Quản lý đất đai 
245 0 |c Nguyễn Thị Huệ Thảo ; Lê Văn Khoa (Hướng dẫn khoa học) 
260 |a Cần Thơ 
260 |b Trường Đại học Cần Thơ 
260 |c 2016 
520 |a Nội dung của luận văn đánh giá hiệu quả của phân xỉ thép và phân vôi đến năng suất cây lúa và sự thay đổi một số đặc tính hóa học trên 2 loại đất phèn (điều kiện nhà lưới) 
650 |a Hóa học đất,Soil chemistry 
904 |i Nguyên 
980 |a Trung tâm Học liệu Trường Đại học Cần Thơ